Presidential Popularity Quiz Stats

 Plays Quiz not verified by Sporcle

Challenge
Share
Tweet
Embed
Score 0/20 Timer 04:00
0 Plays Today
Rank President % Correct
1.George Washington
98.4%
5.Franklin D. Roosevelt
97.9%
4.Theodore Roosevelt
97.1%
2.Abraham Lincoln
96.7%
3.Thomas Jefferson
93.2%
9.Ronald Reagan
91.6%
6.John F. Kennedy
88.1%
7.John Adams
85.4%
10.Dwight Eisenhower
80.2%
8.James Madison
74.9%
Rank President % Correct
34.Benjamin Harrison
73%
40.William Henry Harrison
73%
37.James Polk
72%
43.John Tyler
70.2%
38.Zachary Taylor
68.7%
36.James Buchanan
68.3%
35.Warren G. Harding
67.9%
39.Martin Van Buren
65.2%
41.Franklin Pierce
64%
42.Millard Fillmore
62.6%

You're not logged in!

Compare scores with friends on all Sporcle quizzes.
Join for Free
OR
Log In

You Might Also Like...

Show Comments

Extras

Top Quizzes Today


Score Distribution

Your Account Isn't Verified!

In order to create a playlist on Sporcle, you need to verify the email address you used during registration. Go to your Sporcle Settings to finish the process.

Report this User

Report this user for behavior that violates our Community Guidelines.

Details: